Prueba de la R.D. del Congo - Estadísticas

Estadísticas generales
  • Esta prueba ha sido intentada 750 veces
  • La puntuación promedio es 13 de 19
Estadísticas de respuestas
Pregunta Respuesta % Correcto
¿Cuál es el único país africano que es más grande que la RDC? Argelia
94%
¿Cuál es el país más grande que limita con la RDC? pista: comienza con A Angola
93%
¿Qué país europeo colonizó la RDC? Bélgica
93%
¿Cuál es el idioma oficial de la RDC? Francés
92%
¿En qué río encontrarías estas dos ciudades? Congo
91%
¿Cuál es la capital de la R.D. del Congo? Kinsasa
88%
¿Cuál es el único país que está en el ecuador y es más grande que la RDC? Brasil
86%
¿Cuáles son los dos metales, empezando con C, que son las dos exportaciones más importantes de la RDC? Cobre
79%
¿Cuál era el nombre anterior de la RDC, de 1971 a 1997? Zaire
79%
¿Qué otra capital nacional se encuentra a sólo 8 km al norte de la respuesta anterior? Brazzaville
78%
¿Qué rey europeo poseía la RDC como una posesión personal y la maltrataba? Leopoldo II
61%
¿Cuáles son los dos metales, empezando con C, que son las dos exportaciones más importantes de la RDC? Cobalto
54%
¿Qué hemorragia aterradora se llama así por un río en la RDC? Ébola
49%
¿Qué lago, el segundo más grande por su volumen en el mundo, se encuentra entre la RDC y Tanzania? Lago Tanganica
43%
¿Qué "lingua franca" africana hablan muchas personas en la parte oriental del país? Suajili
40%
¿Qué pariente de jirafa con rayas como una cebra es el animal nacional de la RDC? pista: comienza con O Okapi
39%
¿Quién fue el dictador del país durante ese período? Mobutu Sese Seko
34%
¿Qué pariente chimpancé sólo se puede encontrar en la RDC? Bonobo
32%
¿Cuál es la montaña más alta del país, llamada así por un explorador británico? Monte Stanley
29%
No se encontraron pruebas coincidentes
Distribución de puntuación
Porcentaje de gente con cada puntuación
Porcentaje por número respondido
Historial de tus puntuaciones
No has intentado esta prueba.